000 004410000a22001690004500
003 MACL
005 20160107153322.0
008 160107b xxu||||| |||| 00| 0 eng d
040 _aMACL
_cMACL
041 _aEnglish
082 _a825/SCO
100 _aScott, Tample
_929303
245 _aThe Prose works of Jonathan Swift
_bvol X
260 _bGeorge Bell and Sons
_c1902
_aLondon
650 _aLiterature
_929304
942 _cBK
_k825/SCO
_2ddc
999 _c37934
_d37934